000 00226nam a2200097Ia 4500
008 230915s9999 xx 000 0 und d
050 _aHF5635.S87.C.2
100 _aTHOMAS P.EDMONDS
245 0 _aSURVEY ACCOUNTING
942 _cBK
999 _c85695
_d85695